Statistics for Famous Robloxians

Click here to take the quiz!

General Stats

  • This quiz has been taken 4 times
  • The average score is 4 of 48

Answer Stats

Answer % Correct
Shedletsky
75%
builderman
75%
Jane Doe
50%
John Doe
50%
ROBLOX
50%
EthanGamerTV
25%
Clockwork
25%
Matt Dusek
25%
Nape224
25%
Stickmasterluke
25%
Taymaster
0%
Litozinnamon
0%
WistThePlayer123XD
0%
Widgeon
0%
RobloxNFun
0%
snapple43
0%
NickTheBoss344
0%
gogotamag
0%
chicken238934
0%
xx709
0%
KittyCatLover1001
0%
felix2912
0%
XxJemmerxX
0%
BonnieBunny
0%
Fishhockey
0%
toopidtony
0%
Iwishforpie1
0%
Vurse
0%
itskenny9031
0%
chrysplaysgames
0%
ThatOneRacer
0%
Bereghost
0%
Gusmanak
0%
Loleris
0%
Pokediger1
0%
Seranok
0%
sofiablahblah14
0%
1dev3
0%
1x1x1x1
0%
SHADOWTHEHEDGEHOGXX
0%
Admin
0%
heathsmith1
0%
PokemonGoFamily18
0%
ArchFormula9181
0%
Crazyblox
0%
NowDoTheHarlemSnake
0%
Deaman124
0%
Mekzeka
0%

Score Distribution

Percentile by Number Answered

Percent of People with Each Score

Your Score History

You have not taken this quiz